| 000 | 01532nam a2200253 a 4500 | ||
|---|---|---|---|
| 999 |
_c6299 _d6299 |
||
| 005 | 20180803165345.0 | ||
| 008 | 140130b2007 ck ||||| |||| 00| 0 spa d | ||
| 020 | _a9789588343105 | ||
| 040 |
_aCO-BoIAVH _cCO-BoIAVH |
||
| 041 | _aspa | ||
| 044 | _ack | ||
| 082 |
_a363.7394 _bH91g |
||
| 100 | _aLiévano León, Arturo | ||
| 245 | _aGuía ilustrada de los macroinvertebrados acuáticos del río Bahamón | ||
| 260 |
_aBogotá _bUniversidad El Bosque _bInstituto Alexander von Humboldt _c2007 |
||
| 300 | _a130 p. | ||
| 520 | _aEsta guía es el resultado del trabajo conjunto de varias personas e instituciones alrededor del objetivo común que busca el mejoramiento ambiental y las condiciones de salud de los habitantes de esta región de Cundinamarca. Es un aporte al conocimiento de la fauna de los macroinvertebrados acuáticos en esta región del país, pues es una herramienta para la evaluación ambiental de la cuenca del río Bahamón, la cual puede ser utilizada por las comunidades de la zona, especialmente estudiantes de los colegios y escuelas de municipios adyacentes. Esta guía es sin duda un apoyo para el desarrollo de talleres de cpacitación para la identificación y el uso de los macroinvertebrados acuáticos que permitan la valoración ambiental de los ríos y quebradas de la región | ||
| 650 | _aMacroinvertebrados | ||
| 650 | _aCalidad del agua | ||
| 650 | _aIndicadores | ||
| 700 | _aOspina Torres, Rodulfo | ||
| 942 |
_cImpreso _2z _01 |
||
| 945 | _d2007-12-28 | ||